| 000 | nam a22 7a 4500 | ||
|---|---|---|---|
| 999 |
_c127572 _d127572 |
||
| 008 | 180301b xxu||||| |||| 00| 0 eng d | ||
| 020 | _a9781779223227 | ||
| 050 | _aPR9347.S798 | ||
| 100 |
_aStauton, Irene (ed.) _940130 |
||
| 245 |
_aFour plays for schools _cedited by Irene staunton |
||
| 260 |
_aHarare _bWeaver press _c2017 |
||
| 300 |
_av, 158p.; _c23cm. |
||
| 650 |
_aAfrican Literature _xDrama _940026 |
||
| 700 |
_aChifunyise, Stephen _923197 |
||
| 700 |
_aMlalazi, Christopher _92311 |
||
| 700 |
_aSchmulker, Gina _940027 |
||
| 700 |
_aFo, Dariel _940028 |
||
| 942 |
_2lcc _cMONOGRAPH |
||